Statistics for 東横INNのホテル名

Click here to take the quiz!

General Stats

  • This quiz has been taken 29 times
  • The average score is 36 of 347

Answer Stats

番号都道府県等ホテル名% Correct
106東横INN八戸駅前青森県
36%
232東横INN岡山駅東口岡山県
36%
59東横INN札幌駅南口北海道
32%
158東横INN青森駅前青森県
32%
192東横INN徳島駅前徳島県
32%
38東横INN盛岡駅前岩手県
27%
147東横INN福井駅前福井県
27%
98東横INN松江駅前鳥取県
27%
152東横INN小倉駅南口福岡県
27%
60東横INN新潟駅前新潟県
27%
168東横INN熊本駅前熊本県
27%
9東横INN郡山福島県
27%
45東横INN佐賀駅前佐賀県
27%
66東横INN札幌駅北口北海道
23%
285東横INN小田原駅東口神奈川県
23%
186東横INN新潟古町新潟県
23%
164東横INN弘前駅前青森県
23%
52東横INN米沢駅前山形県
23%
169東横INN浜松駅北口静岡県
23%
40東横INN京都五条烏丸京都府
23%
195東横INN豊橋駅東口愛知県
23%
53東横INN京都四条烏丸京都府
23%
183東横INN奈良新大宮駅前奈良県
23%
63東横INN函館駅前朝市北海道
23%
296東横INN赤羽駅東口東京都
23%
79東横INN長崎駅前長崎県
23%
161東横INN米子駅前鳥取県
23%
114東横INN一ノ関駅前岩手県
23%
202東横INN鹿児島中央駅東口鹿児島県
23%
219東横INN小倉駅新幹線口福岡県
23%
249東横INN近鉄奈良駅前奈良県
23%
121東横INNさいたま新都心埼玉県
23%
105東横INN出雲市駅前島根県
23%
233東横INN京都五条大宮京都府
23%
205東横INN敦賀駅前福井県
23%
21東横INN千葉駅前千葉県
23%
314東横INN松本駅東口長野県
23%
97東横INN山形駅西口山形県
23%
141東横INN大分駅前大分県
23%
86東横INN新白河駅前福島県
23%
85東横INN水戸駅南口茨城県
23%
148東横INN中部国際空港1愛知県
23%
301東横INN中部国際空港2愛知県
23%
93東横INN新山口駅新幹線口山口県
18%
101東横INN宮崎駅前宮崎県
18%
166東横INN熱海駅前静岡県
18%
325東横INN浜田駅北口島根県
18%
124東横INN前橋駅前群馬県
18%
87東横INN秋田駅東口秋田県
18%
108東横INN苫小牧駅前北海道
18%
117東横INN阪神尼崎駅前兵庫県
18%
110東横INN金沢駅東口石川県
18%
130東横INN高松兵庫町香川県
18%
113東横INN上田駅前長野県
18%
46東横INN鳥取駅南口鳥取県
18%
6東横INN津田沼駅北口千葉県
18%
220東横INN鹿児島中央駅西口鹿児島県
18%
351東横INN大阪なんば大阪府
18%
218東横INN福岡天神福岡県
18%
215東横INN富士山三島駅静岡県
18%
27東横INN京都四条大宮京都府
18%
30東横INN福島駅西口福島県
18%
197東横INN北上駅新幹線口岩手県
18%
339東横INN丸亀駅前香川県
18%
191東横INN大分中津駅前大分県
18%
29東横INN品川駅高輪口東京都
18%
187東横INN佐世保駅前長崎県
18%
332東横INN取手駅東口茨城県
18%
334東横INN大宮駅東口埼玉県
18%
329東横INN富士山大月駅山梨県
18%
201東横INN富山駅新幹線口1富山県
18%
133東横INN高崎駅西口1群馬県
18%
134東横INN高崎駅西口2群馬県
18%
176東横INN東京駅新大橋前東京都
14%
331東横INN燕三条駅前新潟県
14%
129東横INN大阪梅田東大阪府
14%
312東横INN対馬比田勝長崎県
14%
177東横INN会津若松駅前福島県
14%
313東横INN大森東京都
14%
290東横INN静岡駅南口静岡県
14%
275東横INN新富士駅南口静岡県
14%
263東横INN東京大手町東京都
14%
248東横INN本厚木駅南口神奈川県
14%
10東横INN川崎駅前砂子神奈川県
14%
179東横INN北九州空港福岡県
14%
262東横INNウランバートルウランバートル
14%
253東横INN柏駅西口千葉県
14%
116東横INN徳島駅眉山口徳島県
14%
271東横INN新居浜駅前愛媛県
14%
319東横INN新青森駅東口青森県
14%
94東横INN名古屋駅新幹線口愛知県
14%
162東横INN相生駅新幹線口兵庫県
14%
137東横INNいわき駅前福島県
14%
214東横INN石垣島沖縄県
14%
210東横INN京都琵琶湖大津滋賀県
14%
333東横INN柏駅東口千葉県
14%
347東横INN伊勢市駅三重県
14%
57東横INN函館駅前大門北海道
14%
173東横INN旭川駅東口北海道
14%
207東横INN名古屋栄愛知県
14%
151東横INN西川口駅埼玉県
14%
343東横INN北戸田駅東口埼玉県
14%
153東横INN西鉄久留米駅東口福岡県
14%
35東横INN倉敷駅南口岡山県
14%
78東横INN新宿歌舞伎町東京都
14%
175東横INN土浦駅東口茨城県
14%
1東横INN蒲田1東京都
14%
104東横INN広島駅新幹線口1広島県
14%
327東横INN広島駅新幹線口2広島県
14%
4東横INN富山駅新幹線口2富山県
14%
196東横INN神戸湊川公園兵庫県
9%
349東横INN大阪弁天町大阪府
9%
276東横INN新大阪東三国駅前大阪府
9%
277東横INN仁川富平仁川広域市
9%
25東横INN名古屋丸の内愛知県
9%
278東横INN松戸駅東口千葉県
9%
212東横INN長野駅善光寺口長野県
9%
279東横INN豊田市駅前愛知県
9%
206東横INN神田秋葉原東京都
9%
203東横INN薩摩川内駅東口鹿児島県
9%
198東横INN湘南茅ヶ崎駅北口神奈川県
9%
315東横INN静岡駅北口静岡県
9%
282東横INNソウル江南ソウル特別市
9%
350東横INN長野駅東口長野県
9%
286東横INN琵琶湖線南草津駅西口滋賀県
9%
115東横INN湘南鎌倉藤沢駅北口神奈川県
9%
184東横INN那覇おもろまち駅前沖縄県
9%
54東横INN大阪なんば西大阪府
9%
3東横INNオホーツク・網走駅前北海道
9%
180東横INN桐生駅南口群馬県
9%
328東横INN名古屋金山愛知県
9%
64東横INN松山一番町愛媛県
9%
174東横INN下関海峡ゆめタワー前山口県
9%
43東横INN博多口駅前福岡県
9%
274東横INN彦根駅東口滋賀県
9%
352東横INN茅ヶ崎市役所神奈川県
9%
236東横INN伊勢松阪駅前三重県
9%
356東横INN大阪ドーム前大阪府
9%
250東横INN米原駅新幹線西口滋賀県
9%
247東横INNあべの天王寺大阪府
9%
13東横INN名古屋錦愛知県
9%
245東横INN立川駅北口東京都
9%
241東横INN大阪伊丹空港大阪府
9%
240東横INN新大阪駅東口大阪府
9%
239東横INN日本橋税務署前東京都
9%
238東横INN群馬太田駅南口群馬県
9%
237東横INN大阪鶴橋駅前大阪府
9%
235東横INN千葉駅東口千葉県
9%
18東横INN札幌駅西口北大前北海道
9%
234東横INN大田政府庁舎前大田広域市
9%
354東横INN徳山駅北口山口県
9%
353東横INN二俣川駅北口神奈川県
9%
267東横INN近鉄四日市駅北口三重県
9%
268東横INN対馬厳原長崎県
9%
269東横INN東京駅八重洲北口東京都
9%
270東横INN群馬伊勢崎駅前群馬県
9%
227東横INN栃木足利駅北口栃木県
9%
17東横INN博多駅前祇園福岡県
9%
273東横INN津駅西口三重県
9%
67東横INNとかち・帯広駅前北海道
9%
259東横INN福山駅新幹線南口広島県
9%
100東横INN札幌すすきの交差点北海道
9%
107東横INN熊本新市街熊本県
9%
298東横INN京橋桜ノ宮大阪府
9%
90東横INN和光市駅前埼玉県
9%
88東横INN北見駅前北海道
9%
299東横INN富士河口湖大橋山梨県
9%
322東横INN印旛日本医大駅前千葉県
9%
257東横INNフランクフルト中央駅前ヘッセン州
9%
99東横INN那覇新都心おもろまち沖縄県
9%
128東横INN大和駅前神奈川県
9%
82東横INN日立駅前茨城県
9%
102東横INN松本駅前本町長野県
9%
295東横INN熊谷駅北口埼玉県
9%
122東横INN徳山駅新幹線口山口県
9%
160東横INN東広島西条駅前広島県
9%
145東横INN広島駅南口右広島県
9%
324東横INN志木駅東口埼玉県
9%
120東横INN横浜関内神奈川県
9%
119東横INN門前仲町永代橋東京都
9%
84東横INN釧路十字街北海道
9%
118東横INN草加駅西口埼玉県
9%
109東横INN赤羽駅東口一番街東京都
9%
293東横INN静岡清水駅前静岡県
9%
80東横INN姫路駅新幹線南口兵庫県
9%
69東横INN旭川駅前一条通北海道
9%
292東横INN川口駅前埼玉県
9%
81東横INN後楽園文京区役所前東京都
9%
316東横INN上越妙高駅西口新潟県
9%
302東横INN海老名駅東口神奈川県
9%
204東横INN湘南平塚駅北口1神奈川県
9%
185東横INN小山駅東口1栃木県
9%
96東横INN池袋北口1東京都
9%
75東横INN横浜スタジアム前1神奈川県
9%
72東横INN甲府駅南口1山梨県
9%
65東横INN鹿児島天文館1鹿児島県
9%
70東横INN福島駅東口1福島県
9%
26東横INN大塚駅北口1東京都
9%
89東横INN鹿児島天文館2鹿児島県
9%
132東横INN甲府駅南口2山梨県
9%
7東横INN池袋北口2東京都
9%
291東横INNソウル東大門2ソウル特別市
9%
211東横INN湘南平塚駅北口2神奈川県
9%
342東横INN小山駅東口2栃木県
9%
73東横INN横浜スタジアム前2神奈川県
9%
48東横INN福島駅東口2福島県
9%
225東横INNJR和歌山駅東口和歌山県
9%
200東横INN大阪JR野田駅前大阪府
9%
163東横INNJR横浜線相模原駅前神奈川県
9%
284東横INN西船橋原木インター千葉県
5%
337東横INN広島駅スタジアム前広島県
5%
317東横INN姫路駅新幹線北口兵庫県
5%
335東横INN昌原(チャンウォン)慶尚南道
5%
265東横INNさいたま岩槻駅前埼玉県
5%
264東横INN新高岡駅新幹線南口富山県
5%
287東横INN大阪日本橋文楽劇場前大阪府
5%
338東横INN昭島駅南口東京都
5%
355東横INN茅場町駅東京都
5%
330東横INN流山おおたかの森駅前千葉県
5%
288東横INN成田空港新館千葉県
5%
289東横INN府中南武線南多摩駅前東京都
5%
261東横INN西武池袋線東久留米駅西口東京都
5%
260東横INN東京八王子駅北口東京都
5%
323東横INN新函館北斗駅南口北海道
5%
340東横INN横浜市営地下鉄センター南駅神奈川県
5%
283東横INN浦和美園駅東口埼玉県
5%
306東横INN岩国駅西口山口県
5%
345東横INN京王線東府中駅北口東京都
5%
348東横INN春日部駅西口埼玉県
5%
344東横INN京都二条城南京都府
5%
303東横INN名鉄知立駅前愛知県
5%
304東横INN神戸三ノ宮駅市役所前兵庫県
5%
305東横INN三郷中央駅前埼玉県
5%
280東横INN京浜東北線王子駅北口東京都
5%
272東横INNマルセイユ サン シャルル駅前プロヴァンス=アルプ=コート・ダジュール地域圏
5%
311東横INNソウル永登浦(ヨンドゥンポ)ソウル特別市
5%
307東横INN袖ケ浦駅北口千葉県
5%
308東横INN調布京王線布田駅東京都
5%
341東横INN東西線木場駅東京都
5%
309東横INN大阪天神橋筋六丁目大阪府
5%
310東横INN蔚山三山洞(ウルサンサムサンドン)蔚山広域市
5%
320東横INN大阪門真市駅前大阪府
5%
297東横INN大邱東城路(テグトンソンロ)大邱広域市
5%
346東横INN北朝霞駅西口埼玉県
5%
321東横INN奈良王寺駅南口奈良県
5%
182東横INN横浜鶴見駅東口神奈川県
5%
258東横INNセブ中部ビサヤ地方
5%
111東横INN川崎駅前市役所通神奈川県
5%
71東横INN堺東駅大阪府
5%
76東横INN那覇旭橋駅前沖縄県
5%
77東横INN熊本桜町バスターミナル前熊本県
5%
83東横INN広島平和大通広島県
5%
91東横INN新大阪中央口新館大阪府
5%
95東横INN日本橋人形町東京都
5%
103東横INN溜池山王駅官邸南東京都
5%
112東横INN武蔵中原駅前神奈川県
5%
58東横INN仙台駅西口中央宮城県
5%
125東横INN宮崎中央通宮崎県
5%
126東横INN熊本城通町筋熊本県
5%
131東横INN淀屋橋駅南大阪府
5%
135東横INN鶯谷駅前東京都
5%
140東横INN佐久平駅浅間口長野県
5%
142東横INN千葉みなと駅前千葉県
5%
143東横INN岡山駅西口右岡山県
5%
61東横INN新横浜駅前新館神奈川県
5%
55東横INN那覇国際通り美栄橋駅沖縄県
5%
150東横INN大阪谷四交差点大阪府
5%
31東横INN東京秋川駅北口東京都
5%
5東横INN千葉幕張千葉県
5%
16東横INN新大阪中央口本館大阪府
5%
19東横INN東西線西葛西東京都
5%
20東横INN蒲田東口東京都
5%
22東横INN名古屋駅桜通口本館愛知県
5%
23東横INN大阪心斎橋西大阪府
5%
28東横INN名古屋名駅南愛知県
5%
32東横INN博多駅南福岡県
5%
51東横INN新横浜駅前本館神奈川県
5%
33東横INN天満橋大手前大阪府
5%
36東横INN仙台西口広瀬通宮城県
5%
37東横INN成田空港本館千葉県
5%
39東横INN大阪船場東大阪府
5%
41東横INN埼玉三郷駅前埼玉県
5%
44東横INN博多西中洲福岡県
5%
49東横INN品川青物横丁駅東京都
5%
50東横INN横浜桜木町神奈川県
5%
146東横INN品川大井町東京都
5%
138東横INN名古屋尾張一宮駅前愛知県
5%
8001東横INNホスピタルイン獨協医科大学栃木県
5%
226東横INN上野田原町駅東京都
5%
199東横INN東武宇都宮駅西口栃木県
5%
213東横INN横浜線淵野辺駅南口神奈川県
5%
216東横INN町田駅小田急線東口東京都
5%
217東横INN千葉新鎌ヶ谷駅前千葉県
5%
221東横INN釜山西面(ソミョン)釜山広域市
5%
222東横INN掛川駅新幹線南口静岡県
5%
224東横INN広島駅前大橋南広島県
5%
228東横INN研究学園駅前茨城県
5%
190東横INN埼玉戸田公園駅西口埼玉県
5%
229東横INN八潮駅前埼玉県
5%
230東横INN京王線橋本駅北口神奈川県
5%
231東横INN福生駅前東口東京都
5%
243東横INNアキバ浅草橋駅東口東京都
5%
244東横INN品川港南口天王洲アイル東京都
5%
246東横INN品川旗の台駅南口東京都
5%
252東横INN大阪通天閣前大阪府
5%
254東横INN大阪なんば日本橋大阪府
5%
193東横INN播州赤穂駅前兵庫県
5%
209東横INN岐阜羽島駅新幹線南口岐阜県
5%
189東横INN守谷駅前茨城県
5%
178東横INN釜山中央駅釜山広域市
5%
155東横INN新八代駅前熊本県
5%
156東横INN日本橋浜町明治座前東京都
5%
157東横INN日本橋馬喰町東京都
5%
159東横INN横浜新子安駅前神奈川県
5%
165東横INN博多駅バスターミナル前福岡県
5%
188東横INN静岡藤枝駅北口静岡県
5%
171東横INN金沢兼六園香林坊石川県
5%
172東横INN東広島駅前広島県
5%
167東横INN岡山駅西口広場岡山県
5%
181東横INN盛岡駅南口駅前岩手県
5%
56東横INN宇都宮駅前1栃木県
5%
136東横INN富士山沼津駅北口1静岡県
5%
11東横INN仙台東口1号館宮城県
5%
15東横INN浅草蔵前1東京都
5%
194東横INN釜山駅1釜山広域市
5%
74東横INN神戸三ノ宮1兵庫県
5%
34東横INN梅田中津1大阪府
5%
154東横INN大阪阪急十三駅西口1大阪府
5%
42東横INN羽田空港1東京都
5%
47東横INN大阪船場1大阪府
5%
127東横INN三河安城駅新幹線南口1愛知県
5%
68東横INN羽田空港2東京都
5%
318東横INN宇都宮駅前2栃木県
5%
144東横INN富士山沼津駅北口2静岡県
5%
326東横INN浅草蔵前2東京都
5%
24東横INN仙台東口2号館宮城県
5%
266東横INN大阪船場2大阪府
5%
300東横INN大阪阪急十三駅西口2大阪府
5%
139東横INN山手線大塚駅北口2東京都
5%
223東横INN梅田中津2大阪府
5%
294東横INN三河安城駅新幹線南口2愛知県
5%
256東横INN釜山海雲台2(ヘウンデ2)釜山広域市
5%
281東横INN新宿御苑前駅3番出口東京都
5%
170東横INN日本橋三越前A4東京都
5%
255東横INNJR神戸駅北口兵庫県
5%
901東横INN Jr.横浜伊勢佐木長者町神奈川県
5%
902東横INN Jr.川崎駅前神奈川県
5%

Score Distribution

Percentile by Number Answered

Percent of People with Each Score

Your Score History

You have not taken this quiz